Top 100 Highest Rated Anime - Statistics

General Stats
  • This quiz has been taken 71 times
    27 since last reset
  • The average score is 32 of 100
Answer Stats
Hint Popularity Answer % Correct
8.78 30 Attack on Titan: Final Season
82%
8.77 92 Attack on Titan: Final Season Part 2
82%
8.86 258 Attack on Titan: Final Season - The Final Chapters
82%
8.64 18 Attack on Titan Season 3
82%
9.05 20 Attack on Titan Season 3 Part 2
82%
8.83 2740 Attack on Titan: The Last Attack
82%
8.73 17 One Piece
82%
9.02 1805 One Piece Fan Letter
82%
8.98 347 Bleach: Thousand-Year Blood War
64%
8.67 983 Bleach: Thousand-Year Blood War - The Conflict
64%
8.70 671 Bleach: Thousand-Year Blood War - The Separation
64%
8.62 2 Death Note
64%
9.29 109 Frieren: Beyond Journey's End
64%
9.21 689 Frieren: Beyond Journey's End Season 2
64%
8.71 62 Jujutsu Kaisen Season 2
59%
9.11 672 Chainsaw Man – The Movie: Reze Arc
55%
8.70 72 Demon Slayer: Entertainment District Arc
55%
8.68 809 Demon Slayer - The Movie: Infinity Castle - Part 1: Akaza Returns
55%
9.10 3 Fullmetal Alchemist: Brotherhood
55%
9.03 8 Hunter x Hunter
55%
8.73 1026 My Hero Academia: Final Season
55%
9.05 348 Gintama°
45%
9.02 406 Gintama'
45%
8.98 789 Gintama.
45%
8.93 147 Gintama
45%
9.02 758 Gintama': Enchousen
45%
8.81 1182 Gintama. Silver Soul Arc
45%
8.88 1239 Gintama. Silver Soul Arc - Second Half War
45%
9.05 1512 Gintama: The Final
45%
8.89 1066 Gintama: The Movie: The Final Chapter: Be Forever Yorozuya
45%
8.62 85 Haikyu!! 2nd Season
45%
8.77 117 Haikyu!! 3rd Season
45%
9.07 14 Steins;Gate
45%
8.71 22 Code Geass: Lelouch of the Rebellion
41%
8.91 48 Code Geass: Lelouch of the Rebellion R2
41%
8.77 44 Spirited Away
36%
8.83 11 Your Name.
36%
8.93 19 A Silent Voice
32%
8.75 42 Cowboy Bebop
32%
8.62 97 Kaguya-sama: Love is War?
32%
8.72 734 Kaguya-sama: Love is War -The First Kiss That Never Ends-
32%
8.96 165 Kaguya-sama: Love is War -Ultra Romantic-
32%
8.78 73 Mob Psycho 100 II
32%
8.71 257 Mob Psycho 100 III
32%
8.78 62 Vinland Saga
32%
8.82 262 Vinland Saga Season 2
32%
8.64 24 Your Lie in April
32%
8.67 99 Howl's Moving Castle
27%
8.89 119 Monster
27%
8.67 106 Princess Mononoke
27%
8.85 283 The Apothecary Diaries
27%
8.91 553 The Apothecary Diaries Season 2
27%
8.93 123 Clannad: After Story
23%
8.64 668 Fate/stay night Movie: Heaven's Feel - III. Spring Song
23%
8.94 444 Fruits Basket: The Final
23%
8.78 499 Kizumonogatari Part 3: Cold-Blooded
23%
8.63 91 Made in Abyss
23%
8.65 2362 Monogatari Series: Off & Monster Season
23%
8.76 326 Monogatari Series: Second Season
23%
8.86 607 Owarimonogatari 2nd Season
23%
8.71 2823 The First Slam Dunk
23%
8.69 46 Violet Evergarden
23%
8.84 325 Violet Evergarden: The Movie
23%
8.62 181 Cyberpunk: Edgerunners
18%
8.73 2550 Kingdom 4th Season
18%
8.73 3190 Kingdom 5th Season
18%
8.70 4304 Kingdom 6th Season
18%
8.84 1947 Kingdom: Season 3
18%
8.63 603 Ping Pong the Animation
18%
8.64 66 Tengen Toppa Gurren Lagann
18%
8.72 389 86 Part 2
14%
8.61 1100 Bungo Stray Dogs 5
14%
8.68 221 Great Teacher Onizuka
14%
8.65 225 Mushishi
14%
8.68 852 Mushi-shi: Next Passage Part 1
14%
8.72 945 Mushi-shi: Next Passage Part 2
14%
8.63 507 Odd Taxi
14%
8.77 967 Takopi's Original Sin
14%
8.70 1206 To Be Hero X
14%
8.78 3033 Ashita no Joe 2
9%
8.74 297 Bocchi the Rock!
9%
9.02 755 Legend of the Galactic Heroes
9%
8.72 544 Link Click
9%
8.64 1614 Link Click Season 2
9%
8.71 1010 Orb: On the Movements of the Earth
9%
8.72 2428 Sound! Euphonium 3
9%
8.67 3386 Umamusume: Cinderella Gray Part 2
9%
8.65 3575 Umamusume: Pretty Derby - Beginning of a New Era
9%
8.70 1369 Descending Stories: Showa Genroku Rakugo Shinju
5%
8.78 349 Hajime no Ippo
5%
8.67 863 Hajime no Ippo: New Challenger
5%
8.62 1223 Look Back
5%
8.62 1451 Lord of Mysteries
5%
8.90 602 March Comes In Like a Lion 2nd Season
5%
8.64 3114 Heaven Official's Blessing Season 2
0%
8.63 1054 Natsume's Book of Friends Season 4
0%
8.69 941 Rurouni Kenshin: Trust and Betrayal
0%
8.70 923 The Dangers in My Heart Season 2
0%
8.62 7832 The Legend of Hei 2
0%
8.67 2424 The Master of Diabolism 3
0%
No matching quizzes found
Score Distribution
Percent of People with Each Score
Percentile by Number Answered
Your Score History
You have not taken this quiz since the last reset